| 000 | 01220 a2200205 4500 | ||
|---|---|---|---|
| 001 | 22513 | ||
| 005 | 20260407155516.0 | ||
| 008 | 260407a1973 arg spa d | ||
| 003 | AR-UNSa-BCEJYS | ||
| 040 |
_aAR-UNSa-BCEJYS _bspa _cAR-UNSa-BCEJYS |
||
| 080 |
_a336.226.3 _xImpuestos por el uso de los ingresos. Impuestos al consumo. IVA |
||
| 245 | 1 | 0 | _aUn impuesto al valor agregado para Argentina |
| 264 | 1 |
_aBuenos Aires : _bEl Ateneo _c1973 |
|
| 300 |
_a140 p. _c19 cm. |
||
| 505 | _a1. Introducción - 2. Mecanismo del IVA - 3. El IVA en la inversión privada - 4. Neutralidad frente a la integración vertical - 5. El IVA y el nivel de precios - 6. El papel del IVA en la armonización fiscal del mercado común Europeo - 7. La atenativa del impuesto en suspenso - 8. Tasas del gravamen - 9. Los contribuyentes del IVA - 10. Rcaudación - 11. Fiscalización - 12. Procesamiento masivo de datos - 12. Procesamiento masivo de datos - 13. Preparación y lanzamiento - 14. El impuesto provincial a las actividades lucrativas - 15. Evaluación de los enfoques del IVA - 16. Conclusiones - Anexos. | ||
| 942 | _cBK | ||
| 590 | _aniveau_biblio:m niveau_hierar:0 | ||
| 100 | 1 | _aPavesi, Pedro F.J. | |
| 700 | 1 | _aMacon, Jorge | |
| 999 |
_c1031 _d1031 |
||